|
|
|
|
| LEADER |
00000nam a22000007a 4500 |
| 005 |
20220712224223.0 |
| 007 |
cr|||| |||| |
| 008 |
220712s2022 co |||||s|||| 00||0 spa d |
| 020 |
|
|
|a 978-958-53906-4-5
|
| 035 |
|
|
|a 36703
|
| 040 |
|
|
|a vLex
|
| 090 |
|
|
|c 13550
|d 13550
|
| 100 |
1 |
|
|a Chavarro Cadena, Jorge Enrique
|
| 245 |
1 |
0 |
|a Cd̤igos Penal y de Procedimiento Penal
|h [Recurso electrn̤ico] /
|c Jorge Enrique Chavarro Cadena, Cindy Lorena Chavarro Moreno
|
| 250 |
|
|
|a 5ta. Edicin̤
|
| 256 |
|
|
|a Servicio en ln̕ea
|
| 260 |
|
|
|a Bogot:̀
|b Grupo Editorial Nueva Legislacin̤,
|c 2022
|
| 300 |
|
|
|a 1 recurso electrn̤ico
|
| 500 |
|
|
|a Para el Grupo Editorial Nueva Legislacin̤ SAS es grato presentar la quinta edicin̤ de los Cd̤igos Penal y de Procedimiento Penal, se trata de una edicin̤ especial por su organizacin̤, estructura y contenido de la misma. El Cd̤igo Penal y de Procedimiento Penal es una publicacin̤ integral, ya que incluye las concordancias correspondientes en cada uno de los artc̕ulos de la obra; tales como: leyes, decretos, resoluciones, doctrina y jurisprudencia.
|
| 506 |
1 |
|
|a Disponible solo en los productos indicados
|d vLex Global
|d vLex Global (Academic Edition, excluding Law Schools)
|d vLex Global (U.S. Academic Edition, Law Schools)
|d vLex Global (U.S. Academic Edition, excluding Law Schools)
|d vLex Global (Academic Edition, Law Schools)
|
| 650 |
0 |
4 |
|a Cd̤igo Penal
|z Colombia
|
| 650 |
0 |
4 |
|a Procedimiento Penal
|z Colombia
|
| 700 |
1 |
|
|a Chavarro Moreno, Cindy Lorena
|
| 740 |
0 |
|
|a vLex Libros (Servicio en ln̕ea)
|
| 856 |
4 |
0 |
|u https://app.vlex.com/#/sources/36703
|z Acceso restringido
|
| 942 |
|
|
|c BOOK
|
| 999 |
0 |
|
|a Penal Code
|
| 999 |
0 |
|
|a Criminal Procedure
|